| 000 | 00826cab a2200289 4500 | ||
|---|---|---|---|
| 001 | ABS57216 | ||
| 008 | 090401t1997 xxu||||| |||| 00| 0 eng d | ||
| 035 | _a(Sirsi) u79213 | ||
| 041 | _aeng | ||
| 245 | _aAlternative land use | ||
| 260 | _c1997 | ||
| 350 | _a0 | ||
| 490 |
_aFarm Development Review _v11(7) May 1997 (8) LOAN |
||
| 520 | _aArticles of interst to farmers wishing to diversify covering caravan enterprises, alpaca rabbits, trekking, free range poultry and golf courses. | ||
| 650 | _aALTERNATIVE LAND USE | ||
| 650 | _aCARAVANS | ||
| 650 | _aDIVERSIFICATION | ||
| 650 | _aFARM DEVELOPMENT | ||
| 650 | _aFREE RANGE HENS | ||
| 650 | _aGOLF COURSES | ||
| 650 | _aPOULTRY | ||
| 650 | _aRABBIT FARMING | ||
| 650 | _aTREKKING | ||
| 690 | _aRURAL PRACTICE | ||
| 942 | _n0 | ||
| 948 | _c25/06/1997 | ||
| 999 |
_c49800 _d49800 |
||